Agesilaos and the crisis of Sparta (Record no. 73)

MARC details
000 -LEADER
fixed length control field 00853nam a2200313 x 4500
001 - CONTROL NUMBER
control field 1506222
003 - CONTROL NUMBER IDENTIFIER
control field OSt
005 - DATE AND TIME OF LATEST TRANSACTION
control field 20200421093818.0
008 - FIXED-LENGTH DATA ELEMENTS--GENERAL INFORMATION
fixed length control field 860907s1987 enkab w 00110beng
015 ## - NATIONAL BIBLIOGRAPHY NUMBER
National bibliography number b8614196
016 00 - NATIONAL BIBLIOGRAPHIC AGENCY CONTROL NUMBER
Record control number 100=NOTNAL
020 ## - INTERNATIONAL STANDARD BOOK NUMBER
International Standard Book Number 0715620827
040 ## - CATALOGING SOURCE
Transcribing agency xxx
049 00 - LOCAL HOLDINGS (OCLC)
Holding library BL
Copy statement CC
Definition of bibliographic subdivisions 870909
050 00 - LIBRARY OF CONGRESS CALL NUMBER
Classification number DF261.S8
082 00 - DEWEY DECIMAL CLASSIFICATION NUMBER
Classification number 938/.906/0924
Edition information 19
100 10 - MAIN ENTRY--PERSONAL NAME
Personal name Cartledge, Paul.
9 (RLIN) 54
245 10 - TITLE STATEMENT
Title Agesilaos and the crisis of Sparta
Statement of responsibility, etc. Paul Cartledge
260 ## - PUBLICATION, DISTRIBUTION, ETC.
Place of publication, distribution, etc. London
Name of publisher, distributor, etc. Duckworth
Date of publication, distribution, etc. 1987
300 ## - PHYSICAL DESCRIPTION
Extent [500]p
Other physical details ill
350 00 - PRICE (NR) (BK AM CF MU VM SE) [OBSOLETE]
Price £24.00 : CIP entry (Oct.)
504 00 - BIBLIOGRAPHY, ETC. NOTE
Bibliography, etc. note Includes bibliography and index
518 00 - DATE/TIME AND PLACE OF AN EVENT NOTE
Date/time and place of an event note Previous control number ISBN 0-7156-2087-8
600 00 - SUBJECT ADDED ENTRY--PERSONAL NAME
Personal name Agesilaos
Numeration II.
9 (RLIN) 55
651 #0 - SUBJECT ADDED ENTRY--GEOGRAPHIC NAME
Geographic name Sparta
General subdivision Kings and rulers
-- Biography.
9 (RLIN) 56
942 ## - ADDED ENTRY ELEMENTS (KOHA)
Source of classification or shelving scheme Dewey Decimal Classification
Koha item type Books
956 ## - LOCAL ELECTRONIC LOCATION AND ACCESS (OCLC)
Host name NLS
Holdings
Withdrawn status Lost status Damaged status Not for loan Collection Home library Current library Shelving location Date acquired Barcode Date last seen Price effective from Koha item type
        Reference Fairview Fairview General stacks 09/04/2014 39999000003017 09/04/2014 09/04/2014 Books
        Reference Midway Midway General stacks 09/04/2014 39999000003031 09/04/2014 09/04/2014 Books